| 000 | 00613nam a22001937a 4500 | ||
|---|---|---|---|
| 008 | 160803b xxu||||| |||| 00| 0 eng d | ||
| 020 | _a9781107697270 | ||
| 050 | _aBL263.C79 2010 | ||
| 100 |
_aBurrell, David B. (ed.) _924533 |
||
| 245 |
_aCreation and the God of Abraham _c/David B. Burrell (ed.) |
||
| 260 |
_aCambridge _bCambridge University Press _c2010 |
||
| 300 |
_aix, 274p. ; _c24cm. |
||
| 650 |
_aEvolution _xReligious aspects _924534 |
||
| 650 |
_aCosmogony _96792 |
||
| 650 |
_aCosmology _924535 |
||
| 650 |
_aCreationism _922208 |
||
| 650 |
_aAbrahamic religions _924536 |
||
| 942 |
_2lcc _cMONOGRAPH |
||
| 999 |
_c124826 _d124826 |
||